000 01642nam a22004334i 4500
999 _c64877
_d64877
001 17551656
003 CO-MdFUSB
005 20190311162850.0
008 121206s2013 enk e 001 0 eng
010 _a 2012041156
020 _a9780199832262 (set : alk. paper)
020 _a9780199993352 (v. 1 : alk. paper)
020 _a9780199993369 (v. 2 : alk. paper)
040 _aDLC
_beng
_erda
_dDLC
_cCO-MdFUSB
041 _aeng
042 _apcc
082 0 0 _a220.3
_223
_bOX98
245 0 4 _aThe Oxford encyclopedia of biblical interpretation
_c/ Steven McKenzie editor general
264 1 _aOxford :
_bOxford University Press,
_c[2013]
264 4 _c©2013
300 _a2 volúmenes ;
_c29 cm
336 _atexto
_2rdacontent
_btxt
337 _asin mediación
_2rdamedia
_bn
338 _avolumen
_2rdacarrier
_bnc
500 _aIncluye índices
505 _tVolumen 1.
_aInterpretación afroamericana -- Crítica materialista
505 _tVolumen 2.
_aTeoría de la metáfora y textos bíblicos-Interpretación feminista -- Resumen de contenidos por temas -- Directorio de contribuyentes -- Índice.
563 _aTapa dura
630 7 _aBiblia.
_xCrítica, interpretación, etc.
_vEnciclopedias.
650 7 _9418
_aHermenéutica
_vEnciclopedias.
700 1 _aMcKenzie, Steven L.,
_d1953-
_eeditor general
906 _a7
_bcbc
_corignew
_d1
_eecip
_f20
_gy-gencatlg
942 _cREF